Normal view MARC view
  • Punjab Technical University

Entry Personal Name

Number of records used in: 1

001 - CONTROL NUMBER

  • control field: 331

003 - CONTROL NUMBER IDENTIFIER

  • control field: OSt

005 - DATE AND TIME OF LATEST TRANSACTION

  • control field: 20160430115611.0

008 - FIXED-LENGTH DATA ELEMENTS

  • fixed length control field: 160430|| aca||aabn | a|a d

040 ## - CATALOGING SOURCE

  • Original cataloging agency: OSt
  • Transcribing agency: OSt

100 ## - HEADING--PERSONAL NAME

  • Personal name: Punjab Technical University

670 ## - SOURCE DATA FOUND

  • Source citation: Work cat.: (OSt): Punjab Technical University, Organizational Behaviour MBA 102